[Event "DVM U12w 2024"]
[Site "Bad Homburg GER"]
[Date "2024.12.29"]
[Round "6"]
[White "Briese, Sophie"]
[Black "Frenzel, Qorianka"]
[Result "1-0"]
[Termination "normal"]
[Board "1.1"]
[WhiteElo "1465"]
[BlackElo "1568"]
[WhiteClock "00:29:49"]
[BlackClock "00:49:04"]
[WhiteTeam "SAV Torgelow-Drögeheide 90"]
[BlackTeam "SG Porz"]
[PlyCount "135"]
[WhiteFideId "34660305"]
[BlackFideId "276294"]
[EventCountry "GER"]
[EventRounds "7"]
[EventType "team-swiss"]
[EventDate "2024.12.26"]

1. e4 {[%clk 01:30:59]} e5 {[%clk 01:30:52]} {[%emt 00:00:08]} 2. Nf3 {[%clk
01:31:24]} {[%emt 00:00:05]} Nc6 {[%clk 01:31:15]} {[%emt 00:00:07]} 3. Bc4
{[%clk 01:31:48]} {[%emt 00:00:06]} Nf6 {[%clk 01:31:40]} {[%emt 00:00:06]} 4.
d4 {[%clk 01:31:22]} {[%emt 00:00:56]} exd4 {[%clk 01:32:04]} {[%emt 00:00:06]}
5. O-O {[%clk 01:31:42]} {[%emt 00:00:10]} Be7 {[%clk 01:31:58]} {[%emt
00:00:36]} 6. e5 {[%clk 01:30:39]} {[%emt 00:01:33]} Ne4 {[%clk 01:31:59]}
{[%emt 00:00:28]} 7. Bf4 {[%clk 01:24:49]} {[%emt 00:06:20]} O-O {[%clk
01:29:19]} {[%emt 00:03:10]} 8. Nxd4 {[%clk 01:23:32]} {[%emt 00:01:47]} d5
{[%clk 01:26:09]} {[%emt 00:03:40]} 9. Nxc6 {[%clk 01:17:43]} {[%emt 00:06:19]}
bxc6 {[%clk 01:24:53]} {[%emt 00:01:47]} 10. Be2 {[%clk 01:08:10]} {[%emt
00:10:03]} Bc5 {[%clk 01:23:42]} {[%emt 00:01:41]} 11. Nd2 {[%clk 01:05:58]}
{[%emt 00:02:43]} Be6 {[%clk 01:20:12]} {[%emt 00:03:59]} 12. Nxe4 {[%clk
01:04:15]} {[%emt 00:02:13]} dxe4 {[%clk 01:19:51]} {[%emt 00:00:51]} 13. Ba6
{[%clk 01:02:04]} {[%emt 00:02:41]} Rb8 {[%clk 01:18:50]} {[%emt 00:01:31]} 14.
b3 {[%clk 01:00:36]} {[%emt 00:01:58]} Re8 {[%clk 01:12:15]} {[%emt 00:07:04]}
15. Qxd8 {[%clk 00:59:46]} {[%emt 00:01:21]} Rexd8 {[%clk 01:09:22]} {[%emt
00:03:23]} 16. Rad1 {[%clk 00:59:18]} {[%emt 00:00:57]} Bd4 {[%clk 01:02:35]}
{[%emt 00:07:18]} 17. Kh1 {[%clk 00:50:13]} {[%emt 00:09:35]} Bc8 {[%clk
00:57:54]} {[%emt 00:05:11]} 18. Bc4 {[%clk 00:46:06]} {[%emt 00:04:38]} Bg4
{[%clk 00:54:18]} {[%emt 00:04:06]} 19. Rde1 {[%clk 00:44:20]} {[%emt
00:02:16]} Bf5 {[%clk 00:39:18]} {[%emt 00:15:31]} 20. e6 {[%clk 00:43:41]}
{[%emt 00:01:09]} fxe6 {[%clk 00:36:48]} {[%emt 00:03:00]} 21. Bxc7 {[%clk
00:42:37]} {[%emt 00:01:34]} Bc3 {[%clk 00:35:08]} {[%emt 00:02:09]} 22. Re2
{[%clk 00:41:54]} {[%emt 00:01:13]} Rbc8 {[%clk 00:33:59]} {[%emt 00:01:39]}
23. Bxd8 {[%clk 00:41:54]} {[%emt 00:00:31]} Rxd8 {[%clk 00:34:22]} {[%emt
00:00:06]} 24. Re3 {[%clk 00:39:07]} {[%emt 00:03:16]} Bf6 {[%clk 00:33:13]}
{[%emt 00:01:39]} 25. f3 {[%clk 00:32:39]} {[%emt 00:06:58]} Bd4 {[%clk
00:31:47]} {[%emt 00:01:56]} 26. Rd1 {[%clk 00:29:46]} {[%emt 00:03:23]} Bb6
{[%clk 00:27:06]} {[%emt 00:05:11]} 27. Rxd8+ {[%clk 00:29:34]} {[%emt
00:00:43]} Bxd8 {[%clk 00:27:34]} {[%emt 00:00:02]} 28. fxe4 {[%clk 00:29:00]}
{[%emt 00:01:04]} Bb6 {[%clk 00:25:16]} {[%emt 00:02:48]} 29. Rf3 {[%clk
00:23:41]} {[%emt 00:05:49]} Bg4 {[%clk 00:23:20]} {[%emt 00:02:26]} 30. Rf4
{[%clk 00:23:11]} {[%emt 00:00:54]} h5 {[%clk 00:22:34]} {[%emt 00:01:21]} 31.
h3 {[%clk 00:22:56]} {[%emt 00:00:46]} Bd1 {[%clk 00:22:47]} {[%emt 00:00:16]}
32. Bxe6+ {[%clk 00:23:17]} {[%emt 00:00:09]} Kh7 {[%clk 00:23:03]} {[%emt
00:00:14]} 33. c4 {[%clk 00:21:34]} {[%emt 00:02:13]} Bc2 {[%clk 00:22:28]}
{[%emt 00:01:05]} 34. Bd7 {[%clk 00:20:42]} {[%emt 00:01:22]} c5 {[%clk
00:22:27]} {[%emt 00:00:31]} 35. e5 {[%clk 00:20:19]} {[%emt 00:00:54]} Bc7
{[%clk 00:22:25]} {[%emt 00:00:31]} 36. Rf2 {[%clk 00:20:39]} {[%emt 00:00:11]}
Bg6 {[%clk 00:22:27]} {[%emt 00:00:26]} 37. e6 {[%clk 00:20:51]} {[%emt
00:00:19]} Bd8 {[%clk 00:22:34]} {[%emt 00:00:23]} 38. Re2 {[%clk 00:20:52]}
{[%emt 00:00:30]} Be7 {[%clk 00:22:52]} {[%emt 00:00:09]} 39. a3 {[%clk
00:20:21]} {[%emt 00:01:01]} a5 {[%clk 00:22:43]} {[%emt 00:00:39]} 40. Bc8
{[%clk 00:16:30]} {[%emt 00:04:22]} Be8 {[%clk 00:22:39]} {[%emt 00:00:34]} 41.
Bd7 {[%clk 00:15:10]} {[%emt 00:01:51]} Bg6 {[%clk 00:22:52]} {[%emt 00:00:16]}
42. b4 {[%clk 00:11:52]} {[%emt 00:03:48]} cxb4 {[%clk 00:22:53]} {[%emt
00:00:29]} 43. axb4 {[%clk 00:12:15]} {[%emt 00:00:08]} axb4 {[%clk 00:23:16]}
{[%emt 00:00:06]} 44. Ba4 {[%clk 00:10:34]} {[%emt 00:02:11]} Bd3 {[%clk
00:23:21]} {[%emt 00:00:25]} 45. Rd2 {[%clk 00:09:43]} {[%emt 00:01:21]} Bxc4
{[%clk 00:22:21]} {[%emt 00:01:30]} 46. Rd7 {[%clk 00:10:05]} {[%emt 00:00:09]}
Bf6 {[%clk 00:21:34]} {[%emt 00:01:16]} 47. e7 {[%clk 00:09:35]} {[%emt
00:01:00]} Bf7 {[%clk 00:21:14]} {[%emt 00:00:50]} 48. Rb7 {[%clk 00:07:51]}
{[%emt 00:02:14]} b3 {[%clk 00:19:13]} {[%emt 00:02:30]} 49. Bxb3 {[%clk
00:06:49]} {[%emt 00:01:33]} Bxe7 {[%clk 00:19:16]} {[%emt 00:00:27]} 50. Bxf7
{[%clk 00:07:12]} {[%emt 00:00:07]} Bf6 {[%clk 00:19:34]} {[%emt 00:00:11]} 51.
Rb5 {[%clk 00:07:00]} {[%emt 00:00:42]} g6 {[%clk 00:19:35]} {[%emt 00:00:29]}
52. g4 {[%clk 00:06:14]} {[%emt 00:01:16]} hxg4 {[%clk 00:19:17]} {[%emt
00:00:49]} 53. hxg4 {[%clk 00:06:37]} {[%emt 00:00:07]} Kg7 {[%clk 00:19:22]}
{[%emt 00:00:25]} 54. Be8 {[%clk 00:06:17]} {[%emt 00:00:50]} Kh6 {[%clk
00:19:06]} {[%emt 00:00:46]} 55. Rb6 {[%clk 00:05:29]} {[%emt 00:01:17]} Kg5
{[%clk 00:18:47]} {[%emt 00:00:50]} 56. Kg2 {[%clk 00:04:59]} {[%emt 00:01:00]}
Bd8 {[%clk 00:18:28]} {[%emt 00:00:48]} 57. Rxg6+ {[%clk 00:05:21]} {[%emt
00:00:09]} Kf4 {[%clk 00:18:42]} {[%emt 00:00:16]} 58. Rg8 {[%clk 00:03:53]}
{[%emt 00:01:58]} Bg5 {[%clk 00:18:57]} {[%emt 00:00:15]} 59. Rf8+ {[%clk
00:03:46]} {[%emt 00:00:37]} Kxg4 {[%clk 00:19:14]} {[%emt 00:00:13]} 60. Bd7+
{[%clk 00:03:41]} {[%emt 00:00:35]} Kh5 {[%clk 00:19:23]} {[%emt 00:00:21]} 61.
Kf3 {[%clk 00:02:54]} {[%emt 00:01:16]} Kg6 {[%clk 00:19:16]} {[%emt 00:00:39]}
62. Kg4 {[%clk 00:02:57]} {[%emt 00:00:27]} Kg7 {[%clk 00:18:58]} {[%emt
00:00:47]} 63. Rc8 {[%clk 00:02:57]} {[%emt 00:00:30]} Be7 {[%clk 00:19:09]}
{[%emt 00:00:18]} 64. Kf5 {[%clk 00:02:48]} {[%emt 00:00:39]} Bf8 {[%clk
00:19:15]} {[%emt 00:00:25]} 65. Be6 {[%clk 00:02:32]} {[%emt 00:00:46]} Be7
{[%clk 00:19:00]} {[%emt 00:00:45]} 66. Rc7 {[%clk 00:30:07]} {[%emt 00:02:56]}
Kh8 {[%clk 00:49:04]} {[%emt 00:00:25]} 67. Kg6 {[%clk 00:30:07]} {[%emt
00:00:30]} Bf6 {[%clk 00:49:04]} {[%emt 00:00:31]} 68. Rh7# {[%clk 00:29:49]}
{[%emt 00:00:08]} 1-0

[Event "DVM U12w 2024"]
[Site "Bad Homburg GER"]
[Date "2024.12.29"]
[Round "6"]
[White "Brandt, Hilda"]
[Black "Zietz, Leni"]
[Result "0-1"]
[Termination "normal"]
[Board "1.4"]
[WhiteElo "1556"]
[BlackElo "1071"]
[WhiteClock "00:58:34"]
[BlackClock "01:11:08"]
[WhiteTeam "SG Porz"]
[BlackTeam "SAV Torgelow-Drögeheide 90"]
[PlyCount "82"]
[WhiteFideId "34636447"]
[BlackFideId "533025886"]
[EventCountry "GER"]
[EventRounds "7"]
[EventType "team-swiss"]
[EventDate "2024.12.26"]

1. d4 {[%clk 01:30:55]} {[%emt 00:00:04]} d5 {[%clk 01:30:53]} {[%emt
00:00:08]} 2. Nc3 {[%clk 01:31:14]} {[%emt 00:00:11]} Nf6 {[%clk 01:31:16]}
{[%emt 00:00:08]} 3. Bf4 {[%clk 01:31:32]} {[%emt 00:00:13]} Bd7 {[%clk
01:30:48]} {[%emt 00:00:58]} 4. e3 {[%clk 01:30:54]} {[%emt 00:01:07]} e6
{[%clk 01:30:58]} {[%emt 00:00:20]} 5. Nf3 {[%clk 01:31:03]} {[%emt 00:00:21]}
Bb4 {[%clk 01:31:08]} {[%emt 00:00:20]} 6. Ne5 {[%clk 01:30:33]} {[%emt
00:00:59]} Ne4 {[%clk 01:31:24]} {[%emt 00:00:15]} 7. Qd3 {[%clk 01:27:58]}
{[%emt 00:03:02]} O-O {[%clk 01:30:18]} {[%emt 00:01:38]} 8. f3 {[%clk
01:27:21]} {[%emt 00:01:07]} Nxc3 {[%clk 01:30:11]} {[%emt 00:00:38]} 9. bxc3
{[%clk 01:27:37]} {[%emt 00:00:12]} Bd6 {[%clk 01:29:54]} {[%emt 00:00:48]} 10.
c4 {[%clk 01:25:42]} {[%emt 00:02:26]} Nc6 {[%clk 01:28:34]} {[%emt 00:01:50]}
11. Be2 {[%clk 01:18:15]} {[%emt 00:07:57]} Nb4 {[%clk 01:27:06]} {[%emt
00:01:58]} 12. Qb3 {[%clk 01:16:03]} {[%emt 00:02:39]} Qe8 {[%clk 01:27:04]}
{[%emt 00:00:35]} 13. c5 {[%clk 01:15:11]} {[%emt 00:01:22]} Bxe5 {[%clk
01:26:23]} {[%emt 00:01:11]} 14. Bxe5 {[%clk 01:14:44]} {[%emt 00:00:57]} Nc6
{[%clk 01:25:52]} {[%emt 00:00:59]} 15. Bxc7 {[%clk 01:14:42]} {[%emt
00:00:33]} Qc8 {[%clk 01:25:37]} {[%emt 00:00:46]} 16. Bd6 {[%clk 01:13:49]}
{[%emt 00:01:21]} Re8 {[%clk 01:25:33]} {[%emt 00:00:35]} 17. Rb1 {[%clk
01:13:35]} {[%emt 00:00:44]} Na5 {[%clk 01:21:39]} {[%emt 00:04:24]} 18. Qb2
{[%clk 01:11:26]} {[%emt 00:02:39]} Qd8 {[%clk 01:21:17]} {[%emt 00:00:51]} 19.
O-O {[%clk 01:09:04]} {[%emt 00:02:53]} Qg5 {[%clk 01:20:55]} {[%emt 00:00:52]}
20. e4 {[%clk 01:08:38]} {[%emt 00:00:55]} Qe3+ {[%clk 01:20:28]} {[%emt
00:00:57]} 21. Rf2 {[%clk 01:08:17]} {[%emt 00:00:52]} dxe4 {[%clk 01:20:02]}
{[%emt 00:00:56]} 22. Bc7 {[%clk 01:08:14]} {[%emt 00:00:33]} Nc6 {[%clk
01:19:50]} {[%emt 00:00:42]} 23. Qxb7 {[%clk 01:08:19]} {[%emt 00:00:24]} Nxd4
{[%clk 01:19:46]} {[%emt 00:00:35]} 24. Kf1 {[%clk 01:07:12]} {[%emt 00:01:36]}
Bc6 {[%clk 01:18:29]} {[%emt 00:01:47]} 25. Qa6 {[%clk 01:03:07]} {[%emt
00:04:29]} exf3 {[%clk 01:17:50]} {[%emt 00:01:16]} 26. gxf3 {[%clk 01:03:10]}
{[%emt 00:00:26]} Bxf3 {[%clk 01:17:51]} {[%emt 00:00:29]} 27. Bxf3 {[%clk
01:02:54]} {[%emt 00:00:47]} Nxf3 {[%clk 01:17:59]} {[%emt 00:00:22]} 28. Qc6
{[%clk 01:02:13]} {[%emt 00:01:11]} Nd2+ {[%clk 01:16:38]} {[%emt 00:01:51]}
29. Rxd2 {[%clk 01:00:48]} {[%emt 00:01:54]} Qxd2 {[%clk 01:16:57]} {[%emt
00:00:12]} 30. Rb7 {[%clk 01:00:54]} {[%emt 00:00:23]} g5 {[%clk 01:15:38]}
{[%emt 00:01:50]} 31. Bd6 {[%clk 01:01:04]} {[%emt 00:00:18]} Qa5 {[%clk
01:13:07]} {[%emt 00:03:03]} 32. Qd7 {[%clk 01:00:48]} {[%emt 00:00:43]} Rf8
{[%clk 01:10:43]} {[%emt 00:02:55]} 33. Bxf8 {[%clk 01:00:55]} {[%emt
00:00:25]} Rxf8 {[%clk 01:11:07]} {[%emt 00:00:06]} 34. Rxa7 {[%clk 01:01:01]}
{[%emt 00:00:23]} Qxc5 {[%clk 01:11:23]} {[%emt 00:00:14]} 35. Rc7 {[%clk
01:01:07]} {[%emt 00:00:24]} Qf5+ {[%clk 01:11:06]} {[%emt 00:00:44]} 36. Ke2
{[%clk 01:00:46]} {[%emt 00:00:47]} Qe5+ {[%clk 01:11:07]} {[%emt 00:00:36]}
37. Kd3 {[%clk 01:00:47]} {[%emt 00:00:26]} Qxh2 {[%clk 01:10:53]} {[%emt
00:00:47]} 38. a4 {[%clk 01:01:09]} {[%emt 00:00:08]} g4 {[%clk 01:10:59]}
{[%emt 00:00:24]} 39. a5 {[%clk 01:01:13]} {[%emt 00:00:26]} Qh1 {[%clk
01:10:24]} {[%emt 00:01:04]} 40. Qd6 {[%clk 00:58:39]} {[%emt 00:03:02]} Qd1+
{[%clk 01:10:44]} {[%emt 00:00:13]} 41. Ke3 {[%clk 00:58:34]} {[%emt 00:00:34]}
Qxd6 {[%clk 01:11:08]} {[%emt 00:00:07]} 0-1

[Event "DVM U12w 2024"]
[Site "Bad Homburg GER"]
[Date "2024.12.29"]
[Round "6"]
[White "Wolf, Helena"]
[Black "Suryaprakash, Smrithi"]
[Result "1-0"]
[Termination "normal"]
[Board "2.1"]
[WhiteElo "1582"]
[BlackElo "1527"]
[WhiteClock "00:04:14"]
[BlackClock "00:20:03"]
[WhiteTeam "SK Bad Homburg 1927"]
[BlackTeam "SF München"]
[PlyCount "81"]
[WhiteFideId "34671030"]
[BlackFideId "34637826"]
[EventCountry "GER"]
[EventRounds "7"]
[EventType "team-swiss"]
[EventDate "2024.12.26"]

1. e4 {[%clk 01:30:58]} {[%emt 00:00:01]} c5 {[%clk 01:30:34]} {[%emt
00:00:25]} 2. Nf3 {[%clk 01:31:22]} {[%emt 00:00:08]} d6 {[%clk 01:30:57]}
{[%emt 00:00:07]} 3. d4 {[%clk 01:31:46]} {[%emt 00:00:05]} cxd4 {[%clk
01:31:23]} {[%emt 00:00:04]} 4. Nxd4 {[%clk 01:32:08]} {[%emt 00:00:08]} Nf6
{[%clk 01:31:38]} {[%emt 00:00:16]} 5. Nc3 {[%clk 01:32:31]} {[%emt 00:00:06]}
a6 {[%clk 01:32:03]} {[%emt 00:00:05]} 6. Be3 {[%clk 01:32:08]} {[%emt
00:00:53]} e5 {[%clk 01:32:14]} {[%emt 00:00:20]} 7. Nb3 {[%clk 01:32:22]}
{[%emt 00:00:16]} Be6 {[%clk 01:32:34]} {[%emt 00:00:10]} 8. f3 {[%clk
01:31:39]} {[%emt 00:01:12]} Nbd7 {[%clk 01:32:39]} {[%emt 00:00:25]} 9. Be2
{[%clk 01:29:44]} {[%emt 00:02:22]} Be7 {[%clk 01:31:30]} {[%emt 00:01:42]} 10.
O-O {[%clk 01:29:53]} {[%emt 00:00:20]} O-O {[%clk 01:31:38]} {[%emt 00:00:23]}
11. Qd2 {[%clk 01:22:06]} {[%emt 00:08:17]} Qc7 {[%clk 01:28:13]} {[%emt
00:03:55]} 12. Rac1 {[%clk 01:18:26]} {[%emt 00:04:08]} Nc5 {[%clk 01:23:50]}
{[%emt 00:04:57]} 13. Rfd1 {[%clk 01:12:08]} {[%emt 00:06:47]} Rfd8 {[%clk
01:20:53]} {[%emt 00:03:27]} 14. Qe1 {[%clk 01:03:33]} {[%emt 00:09:03]} d5
{[%clk 01:18:33]} {[%emt 00:02:52]} 15. exd5 {[%clk 01:03:46]} {[%emt
00:00:18]} Bxd5 {[%clk 01:17:10]} {[%emt 00:01:53]} 16. Qf2 {[%clk 01:03:34]}
{[%emt 00:00:40]} Rac8 {[%clk 01:10:32]} {[%emt 00:07:10]} 17. Nxd5 {[%clk
00:58:39]} {[%emt 00:05:25]} Nxd5 {[%clk 01:09:30]} {[%emt 00:01:31]} 18. Bxc5
{[%clk 00:58:49]} {[%emt 00:00:21]} Bxc5 {[%clk 01:09:49]} {[%emt 00:00:10]}
19. Nxc5 {[%clk 00:59:11]} {[%emt 00:00:08]} Qxc5 {[%clk 01:09:01]} {[%emt
00:01:19]} 20. Qxc5 {[%clk 00:59:36]} {[%emt 00:00:05]} Rxc5 {[%clk 01:09:22]}
{[%emt 00:00:09]} 21. c4 {[%clk 00:59:57]} {[%emt 00:00:09]} Rdc8 {[%clk
01:09:36]} {[%emt 00:00:17]} 22. b3 {[%clk 00:58:33]} {[%emt 00:01:53]} g6
{[%clk 01:04:38]} {[%emt 00:05:28]} 23. Rd2 {[%clk 00:56:12]} {[%emt 00:02:50]}
f5 {[%clk 00:58:21]} {[%emt 00:06:49]} 24. a3 {[%clk 00:35:20]} {[%emt
00:21:20]} Nf4 {[%clk 00:50:43]} {[%emt 00:08:09]} 25. Bf1 {[%clk 00:34:06]}
{[%emt 00:01:43]} e4 {[%clk 00:47:44]} {[%emt 00:03:29]} 26. fxe4 {[%clk
00:26:40]} {[%emt 00:07:55]} fxe4 {[%clk 00:47:50]} {[%emt 00:00:26]} 27. Rd4
{[%clk 00:25:10]} {[%emt 00:01:48]} Re5 {[%clk 00:43:38]} {[%emt 00:04:53]} 28.
Re1 {[%clk 00:23:40]} {[%emt 00:01:57]} Rce8 {[%clk 00:42:15]} {[%emt
00:01:56]} 29. Re3 {[%clk 00:22:43]} {[%emt 00:01:21]} R8e7 {[%clk 00:36:22]}
{[%emt 00:06:29]} 30. g3 {[%clk 00:21:20]} {[%emt 00:01:50]} Nh5 {[%clk
00:36:01]} {[%emt 00:00:55]} 31. Bg2 {[%clk 00:21:23]} {[%emt 00:00:23]} Nf6
{[%clk 00:35:48]} {[%emt 00:00:47]} 32. h3 {[%clk 00:15:07]} {[%emt 00:06:41]}
Kf7 {[%clk 00:29:42]} {[%emt 00:06:37]} 33. Kf2 Rf5+ {[%emt 00:03:08]} 34. Kg1
{[%clk 00:12:30]} {[%emt 00:00:59]} Rfe5 {[%clk 00:22:41]} {[%emt 00:07:35]}
35. Kf2 {[%clk 00:12:50]} {[%emt 00:00:10]} h5 {[%emt 00:00:46]} 36. Kg1 {[%clk
00:08:47]} {[%emt 00:04:30]} g5 {[%clk 00:21:47]} {[%emt 00:01:11]} 37. Kf2
{[%clk 00:08:03]} {[%emt 00:01:14]} Kg6 {[%clk 00:20:05]} {[%emt 00:02:12]} 38.
Kg1 {[%clk 00:07:15]} {[%emt 00:01:18]} Kf5 {[%emt 00:00:39]} 39. Kf2 {[%clk
00:07:30]} {[%emt 00:00:13]} h4 {[%clk 00:19:46]} {[%emt 00:00:42]} 40. g4+
{[%clk 00:04:40]} {[%emt 00:03:18]} Kf4 {[%clk 00:20:03]} {[%emt 00:00:15]} 41.
Rf3# {[%clk 00:04:14]} {[%emt 00:00:24]} 1-0

[Event "DVM U12w 2024"]
[Site "Bad Homburg GER"]
[Date "2024.12.29"]
[Round "6"]
[White "Sobczak, Zuzanna"]
[Black "Xu, Dorothea Sicheng"]
[Result "1-0"]
[Termination "normal"]
[Board "2.2"]
[WhiteElo "1598"]
[BlackElo "1585"]
[WhiteClock "01:30:19"]
[BlackClock "00:29:31"]
[WhiteTeam "SF München"]
[BlackTeam "SK Bad Homburg 1927"]
[PlyCount "133"]
[WhiteFideId "34670050"]
[BlackFideId "34667539"]
[EventCountry "GER"]
[EventRounds "7"]
[EventType "team-swiss"]
[EventDate "2024.12.26"]

1. e4 {[%clk 01:30:59]} e5 {[%clk 01:30:56]} {[%emt 00:00:04]} 2. Nf3 {[%clk
01:31:23]} {[%emt 00:00:06]} Nc6 {[%clk 01:31:21]} {[%emt 00:00:06]} 3. Bc4
{[%clk 01:31:49]} {[%emt 00:00:04]} Nf6 {[%clk 01:31:46]} {[%emt 00:00:05]} 4.
Nc3 {[%clk 01:32:12]} {[%emt 00:00:07]} Nxe4 {[%clk 01:31:58]} {[%emt
00:00:17]} 5. Nxe4 {[%clk 01:32:30]} {[%emt 00:00:11]} d5 {[%clk 01:32:24]}
{[%emt 00:00:04]} 6. Bd3 {[%clk 01:32:54]} {[%emt 00:00:06]} dxe4 {[%clk
01:32:48]} {[%emt 00:00:07]} 7. Bxe4 {[%clk 01:33:17]} {[%emt 00:00:07]} Bd6
{[%clk 01:32:23]} {[%emt 00:00:55]} 8. d3 {[%clk 01:29:50]} {[%emt 00:03:57]}
h6 {[%clk 01:31:34]} {[%emt 00:01:19]} 9. h3 {[%clk 01:30:10]} {[%emt
00:00:10]} Be6 {[%clk 01:30:56]} {[%emt 00:01:08]} 10. Qe2 {[%clk 01:30:12]}
{[%emt 00:00:27]} Qe7 {[%clk 01:27:26]} {[%emt 00:04:01]} 11. Bxc6+ {[%clk
01:29:35]} {[%emt 00:01:06]} bxc6 {[%clk 01:27:30]} {[%emt 00:00:27]} 12. Nxe5
{[%clk 01:29:53]} {[%emt 00:00:12]} Bxe5 {[%clk 01:23:52]} {[%emt 00:04:08]}
13. Qxe5 {[%clk 01:30:14]} {[%emt 00:00:08]} O-O {[%clk 01:23:58]} {[%emt
00:00:24]} 14. O-O {[%clk 01:30:13]} {[%emt 00:00:32]} Rfd8 {[%clk 01:22:39]}
{[%emt 00:01:49]} 15. Qg3 {[%clk 01:28:47]} {[%emt 00:01:55]} Qf6 {[%clk
01:21:17]} {[%emt 00:01:52]} 16. Bf4 {[%clk 01:29:02]} {[%emt 00:00:16]} Rd5
{[%clk 01:19:22]} {[%emt 00:02:25]} 17. Rfe1 {[%clk 01:28:10]} {[%emt
00:01:22]} Rb8 {[%clk 01:14:07]} {[%emt 00:05:45]} 18. Bxc7 {[%clk 01:28:29]}
{[%emt 00:00:11]} Rb7 {[%clk 01:13:28]} {[%emt 00:01:09]} 19. Be5 {[%clk
01:28:52]} {[%emt 00:00:07]} Qg5 {[%clk 01:12:29]} {[%emt 00:01:29]} 20. Qxg5
{[%clk 01:28:56]} {[%emt 00:00:27]} hxg5 {[%clk 01:12:48]} {[%emt 00:00:10]}
21. Bc3 {[%clk 01:28:53]} {[%emt 00:00:34]} g4 {[%clk 01:06:21]} {[%emt
00:06:57]} 22. hxg4 {[%clk 01:28:56]} {[%emt 00:00:27]} Bxg4 {[%clk 01:05:39]}
{[%emt 00:01:11]} 23. Re8+ {[%clk 01:29:24]} {[%emt 00:00:02]} Kh7 {[%clk
01:06:00]} {[%emt 00:00:09]} 24. f3 {[%clk 01:29:38]} {[%emt 00:00:15]} Be6
{[%clk 01:04:22]} {[%emt 00:02:09]} 25. Kf2 {[%clk 01:29:06]} {[%emt 00:01:02]}
Rh5 {[%clk 01:02:01]} {[%emt 00:02:50]} 26. Ra8 {[%clk 01:28:55]} {[%emt
00:00:42]} Rc7 {[%clk 00:58:18]} {[%emt 00:04:13]} 27. Re1 {[%clk 01:28:51]}
{[%emt 00:00:34]} c5 {[%clk 00:53:37]} {[%emt 00:05:11]} 28. Re5 {[%clk
01:28:04]} {[%emt 00:01:17]} Rxe5 {[%clk 00:53:27]} {[%emt 00:00:40]} 29. Bxe5
{[%clk 01:28:26]} {[%emt 00:00:08]} Rd7 {[%clk 00:53:50]} {[%emt 00:00:07]} 30.
Rc8 {[%clk 01:28:39]} {[%emt 00:00:16]} Bxa2 {[%clk 00:50:37]} {[%emt
00:03:44]} 31. Rxc5 {[%clk 01:28:18]} {[%emt 00:00:51]} Be6 {[%clk 00:49:06]}
{[%emt 00:02:02]} 32. Ra5 {[%clk 01:27:59]} {[%emt 00:00:48]} Rb7 {[%clk
00:44:54]} {[%emt 00:04:42]} 33. Bd4 {[%clk 01:27:44]} {[%emt 00:00:41]} Rb4
{[%clk 00:42:17]} {[%emt 00:03:10]} 34. Ke3 {[%clk 01:27:10]} {[%emt 00:01:05]}
Kg8 {[%clk 00:38:40]} {[%emt 00:04:07]} 35. Rxa7 {[%clk 01:27:19]} {[%emt
00:00:22]} Rb8 {[%clk 00:38:08]} {[%emt 00:01:02]} 36. c4 {[%clk 01:27:29]}
{[%emt 00:00:21]} Kf8 {[%clk 00:36:42]} {[%emt 00:01:55]} 37. Bc5+ {[%clk
01:27:36]} {[%emt 00:00:22]} Ke8 {[%clk 00:35:39]} {[%emt 00:01:33]} 38. b4
{[%clk 01:27:51]} {[%emt 00:00:16]} Kd8 {[%clk 00:35:04]} {[%emt 00:01:05]} 39.
b5 {[%clk 01:28:03]} {[%emt 00:00:18]} g6 {[%clk 00:34:55]} {[%emt 00:00:39]}
40. b6 {[%clk 01:28:24]} {[%emt 00:00:09]} Bc8 {[%clk 00:34:59]} {[%emt
00:00:25]} 41. Bd6 {[%clk 01:27:54]} {[%emt 00:01:01]} Rb7 {[%clk 00:33:44]}
{[%emt 00:01:45]} 42. Rxb7 {[%clk 01:28:16]} {[%emt 00:00:08]} Bxb7 {[%clk
00:34:05]} {[%emt 00:00:09]} 43. Bc7+ {[%clk 01:28:35]} {[%emt 00:00:11]} Kd7
{[%clk 00:33:52]} {[%emt 00:00:43]} 44. d4 {[%clk 01:28:54]} {[%emt 00:00:11]}
Kc6 {[%clk 00:32:33]} {[%emt 00:01:48]} 45. Ke4 {[%clk 01:28:48]} {[%emt
00:00:36]} f6 {[%clk 00:30:58]} {[%emt 00:02:04]} 46. c5 {[%clk 01:28:28]}
{[%emt 00:00:51]} Kd7+ {[%clk 00:31:13]} {[%emt 00:00:15]} 47. d5 {[%clk
01:28:46]} {[%emt 00:00:13]} Kc8 {[%clk 00:30:30]} {[%emt 00:01:13]} 48. c6
{[%clk 01:28:57]} {[%emt 00:00:18]} Ba6 {[%clk 00:29:48]} {[%emt 00:01:14]} 49.
Bd6 {[%clk 01:28:57]} {[%emt 00:00:30]} f5+ {[%clk 00:29:25]} {[%emt 00:00:53]}
50. Ke5 {[%clk 01:29:21]} {[%emt 00:00:06]} f4 {[%clk 00:27:33]} {[%emt
00:02:22]} 51. b7+ {[%clk 01:29:42]} {[%emt 00:00:10]} Bxb7 {[%clk 00:27:52]}
{[%emt 00:00:11]} 52. cxb7+ {[%clk 01:30:04]} {[%emt 00:00:07]} Kxb7 {[%clk
00:28:19]} {[%emt 00:00:04]} 53. Be7 {[%clk 01:30:14]} {[%emt 00:00:20]} Kc7
{[%clk 00:28:30]} {[%emt 00:00:19]} 54. Ke6 {[%clk 01:30:33]} {[%emt 00:00:12]}
Kb6 {[%clk 00:28:36]} {[%emt 00:00:24]} 55. d6 {[%clk 01:30:49]} {[%emt
00:00:14]} Kc5 {[%clk 00:28:42]} {[%emt 00:00:24]} 56. d7+ {[%clk 01:31:13]}
{[%emt 00:00:06]} Kd4 {[%clk 00:28:48]} {[%emt 00:00:23]} 57. d8=Q+ {[%clk
01:31:35]} {[%emt 00:00:09]} Ke3 {[%clk 00:29:07]} {[%emt 00:00:10]} 58. Bc5+
{[%clk 01:31:50]} {[%emt 00:00:14]} Ke2 {[%clk 00:29:25]} {[%emt 00:00:12]} 59.
Qd4 {[%clk 01:32:01]} {[%emt 00:00:19]} g5 {[%clk 00:29:13]} {[%emt 00:00:43]}
60. Bb4 {[%clk 01:32:09]} {[%emt 00:00:22]} Kf1 {[%clk 00:29:11]} {[%emt
00:00:32]} 61. Qd2 {[%clk 01:31:51]} {[%emt 00:00:47]} Kg1 {[%clk 00:29:14]}
{[%emt 00:00:27]} 62. Kf5 {[%clk 01:28:59]} {[%emt 00:03:22]} Kh1 {[%clk
00:28:48]} {[%emt 00:00:56]} 63. Kg4 {[%clk 01:29:18]} {[%emt 00:00:10]} Kh2
{[%clk 00:28:56]} {[%emt 00:00:23]} 64. g3+ {[%clk 01:29:28]} {[%emt 00:00:20]}
Kg1 {[%clk 00:29:04]} {[%emt 00:00:22]} 65. Bc5+ {[%clk 01:29:39]} {[%emt
00:00:20]} Kh1 {[%clk 00:29:19]} {[%emt 00:00:15]} 66. Kh3 {[%clk 01:29:58]}
{[%emt 00:00:11]} fxg3 {[%clk 00:29:31]} {[%emt 00:00:19]} 67. Qg2# {[%clk
01:30:19]} {[%emt 00:00:09]} 1-0